| 000 | 01278nam a2200313 4500 | ||
|---|---|---|---|
| 001 | 13717035 | ||
| 005 | 20150213092115.0 | ||
| 008 | 000 | ||
| 010 | _a 2004113417 | ||
| 020 | _a049501317X | ||
| 040 |
_aUOEL _cDLC _dDLC |
||
| 042 | _apcc | ||
| 050 | 0 | 0 |
_aQP519 _b.F34 2006 |
| 082 | 0 | 0 |
_a612/.015/078 _222 |
| 100 | 1 | _aFarrell, Shawn O. | |
| 245 | 1 | 0 |
_aExperiments in biochemistry : _ba hands-on approach : a manual for the undergraduate laboratory / _cShawn O. Farrell, Lynn E. Taylor. |
| 250 | _a2nd ed. | ||
| 260 |
_aBelmont, CA : _bThomson/Brooks/Cole, _cc2006. |
||
| 300 |
_axix, 375 p. : _bill. ; _c28 cm. |
||
| 504 | _aIncludes bibliographical references. | ||
| 650 | 0 |
_aBiochemistry _vLaboratory manuals. _xPhysiology |
|
| 700 | 1 | _aTaylor, Lynn E. | |
| 856 | 4 | 2 |
_3Contributor biographical information _uhttp://www.loc.gov/catdir/enhancements/fy1103/2004113417-b.html |
| 856 | 4 | 2 |
_3Publisher description _uhttp://www.loc.gov/catdir/enhancements/fy1103/2004113417-d.html |
| 856 | 4 | 1 |
_3Table of contents only _uhttp://www.loc.gov/catdir/enhancements/fy1103/2004113417-t.html |
| 906 |
_a7 _bcbc _corigcop _d2 _eepcn _f20 _gy-gencatlg |
||
| 942 |
_2lcc _cLL |
||
| 999 |
_c2063 _d2063 |
||